[Event "AUT -U18B"]
[Site "Koestendorf"]
[Date "1998.04.08"]
[Round "5.2"]
[White "Fuchs, Georg"]
[Black "Enoeckl, Philipp"]
[Result "1-0"]
[WhiteElo "2130"]
[BlackElo "1985"]
[PlyCount "85"]
[EventDate "1998.04.04"]
[Source "A. Burger"]
[SourceDate "1998.04.10"]

1. e4 e6 2. c4 d5 3. exd5 exd5 4. cxd5 Nf6 5. Nc3 Nxd5 6. d4 Be7 7. Nf3 O-O 8.
Be2 Be6 9. O-O Nd7 10. Qc2 N7b6 11. a3 h6 12. Be3 Bf6 13. Rad1 Nxc3 14. bxc3
Nc4 15. Bc1 Qd5 16. Bd3 c6 17. Rfe1 Rfe8 18. Qe2 Nb6 19. Bb1 Nd7 20. Qd3 Nf8
21. Ne5 Bxe5 22. Rxe5 Qc4 23. Qf3 Bd5 24. Qf5 Rxe5 25. dxe5 Re8 26. Bd3 Qxc3
27. f4 Qd4+ 28. Kh1 Qf2 29. Qg4 Bb3 30. Rf1 Qd4 31. Bb1 Rd8 32. Qg3 Bc4 33. Re1
Qa1 34. Be3 Qc3 35. f5 35... Bd3 {} 36. Bxh6 Ng6 37. fxg6 gxh6 38. gxf7+ Kxf7
39. e6+ Ke7 40. Qh4+ Ke8 41. Qh5+ Ke7 42. Qf7+ Kd6 43. Rd1 1-0

[Event "AUT -U18B"]
[Site "Koestendorf"]
[Date "1998.04.08"]
[Round "5.3"]
[White "Steiner, Stefan"]
[Black "Sandhu, Mario"]
[Result "0-1"]
[WhiteElo "1899"]
[BlackElo "2155"]
[PlyCount "169"]
[EventDate "1998.04.04"]
[Source "A. Burger"]
[SourceDate "1998.04.10"]

1. Nf3 g6 2. d4 Bg7 3. e4 c6 4. Nc3 d5 5. exd5 cxd5 6. Bf4 a6 7. Na4 Nf6 8. Rc1
O-O 9. c4 dxc4 10. Bxc4 10... b5 {} 11. Bc7 Qe8 12. Nb6 bxc4 13. Nxa8 Be6 14.
Bf4 Nd5 15. Nc7 Qc6 16. Nxd5 Qxd5 17. O-O Nc6 18. Qd2 Nxd4 19. Nxd4 Qxd4 20.
Qxd4 Bxd4 21. Rc2 Bf6 22. Rd1 Rc8 23. Rcd2 Kg7 24. Be3 Rb8 25. b3 cxb3 26. axb3
Bxb3 27. Rb1 a5 28. Bd4 a4 29. Bxf6+ Kxf6 30. f4 Ra8 31. Kf2 e6 32. Ra1 h5 33.
Ra3 Kf5 34. Rb2 34... Rc8 {} 35. Raxb3 axb3 36. Rxb3 Kxf4 37. Rf3+ Kg4 38. h3+
Kg5 39. Rxf7 Rc5 40. Re7 Rf5+ 41. Ke2 Rf6 42. g3 Kf5 43. Ke3 Rf8 44. Ra7 Rb8
45. Rf7+ Ke5 46. Rg7 Rb3+ 47. Kf2 Rb2+ 48. Kf3 Kf6 49. Rg8 Rh2 50. h4 Ra2 51.
Rf8+ Ke5 52. Rg8 Ra3+ 53. Kf2 Kf5 54. Rf8+ Ke5 55. Rg8 Kf6 56. Rf8+ Kg7 57. Rb8
Rc3 58. Ra8 Kf7 59. Rb8 Rc5 60. Ke3 g5 61. hxg5 Rxg5 62. Kf4 Rg4+ 63. Kf3 Kf6
64. Rf8+ Ke5 65. Ra8 Rg5 66. Ra7 Rf5+ 67. Kg2 Kf6 68. Ra6 Rg5 69. Kf3 Kf5 70.
Ra5+ e5 71. Rb5 Rg6 72. Ra5 Rf6 73. Ke3 Rb6 74. Kf3 Rb3+ 75. Kf2 Rd3 76. Ra8
Ke4 77. Rh8 Rf3+ 78. Ke2 Rf5 79. Rh7 Rg5 80. Rh8 Kf5 81. Kf2 Kg4 82. Rh7 Kh3
83. Rh8 Rf5+ 84. Ke3 Kxg3 85. Rg8+ 0-1

[Event "AUT -U18B"]
[Site "Koestendorf"]
[Date "1998.04.08"]
[Round "5.5"]
[White "Hillgarter, Christoph"]
[Black "Riedl, Johannes"]
[Result "1-0"]
[WhiteElo "1972"]
[BlackElo "1751"]
[PlyCount "75"]
[EventDate "1998.04.04"]
[Source "A. Burger"]
[SourceDate "1998.04.10"]

1. e4 e6 2. d4 d5 3. Nd2 Nf6 4. e5 Nfd7 5. f4 c5 6. c3 Nc6 7. Ndf3 Qb6 8. Ne2
cxd4 9. cxd4 f6 10. g3 Bb4+ 11. Bd2 Bxd2+ 12. Qxd2 Qb4 13. Nc3 a6 14. a3 Qe7
15. Be2 O-O 16. O-O b5 17. Rac1 Bb7 18. b4 Nb6 19. exf6 Qxf6 20. Rfe1 h6 21.
Qe3 Rfe8 22. Rc2 Nd8 23. Ne5 Nc4 24. Bxc4 dxc4 25. Nd7 Qf5 26. Rd2 26... Ra7 {
} 27. d5 Ra8 28. Nc5 Bc8 29. d6 Rf8 30. a4 bxa4 31. N3xa4 Rb8 32. d7 Bb7 33.
Nb6 Bd5 34. Nxa6 Rxb6 35. Qxb6 c3 36. Rde2 c2 37. Qc5 Qd3 38. Nc7 1-0

[Event "AUT -U18B"]
[Site "Koestendorf"]
[Date "1998.04.08"]
[Round "5.6"]
[White "Sekyra, Michael"]
[Black "Spirk, Stefan"]
[Result "1/2-1/2"]
[WhiteElo "1788"]
[BlackElo "1957"]
[PlyCount "82"]
[EventDate "1998.04.04"]
[Source "A. Burger"]
[SourceDate "1998.04.10"]

1. e4 e6 2. d4 d5 3. Nc3 dxe4 4. Nxe4 Nd7 5. Nf3 Ngf6 6. Nxf6+ Nxf6 7. Bf4 c5
8. dxc5 Qxd1+ 9. Rxd1 Bxc5 10. Bc4 Bd7 11. Ne5 a6 12. O-O Rc8 13. Be2 Be7 14.
c4 Bc6 15. Nxc6 Rxc6 16. b3 Rc5 17. Bf3 e5 18. Be3 18... Rc7 {} 19. Bb6 Rd7
20. Rxd7 Nxd7 21. Bc7 Bd8 22. Bxd8 Kxd8 23. Bxb7 Nc5 24. Bd5 f6 25. b4 Nd3 26.
a3 Kc7 27. g3 Nb2 28. b5 axb5 29. cxb5 Kb6 30. Rb1 Na4 31. Bc6 Rd8 32. Kf1 Rd3
33. Ra1 Rb3 34. Ke1 Ka5 35. Kd2 Nb6 36. Kc2 Ka4 37. Be8 Rf3 38. Rf1 Rxa3 39.
Bc6 Kb4 40. Kb2 Rb3+ 41. Kc2 Ra3 1/2-1/2

[Event "AUT -U18B"]
[Site "Koestendorf"]
[Date "1998.04.08"]
[Round "5.7"]
[White "Zumtobel, Thomas"]
[Black "Brehovsky, Paul"]
[Result "1-0"]
[WhiteElo "2086"]
[BlackElo "1547"]
[PlyCount "40"]
[EventDate "1998.04.04"]
[Source "A. Burger"]
[SourceDate "1998.04.10"]

1. e4 e6 2. d4 d5 3. Nd2 dxe4 4. Nxe4 Nf6 5. Nxf6+ Qxf6 6. Nf3 h6 7. Bd3 Bd6 8.
O-O Nc6 9. Re1 O-O 10. Be4 Bd7 11. c3 Rfe8 12. Ne5 {} 12... Bxe5 13. dxe5 Nxe5
14. f4 Nc6 15. Qxd7 Rac8 16. Qd3 Red8 17. Qf3 Rd6 18. Be3 Rcd8 19. Rad1 Rxd1
20. Rxd1 Kf8 1-0

[Event "AUT -U18B"]
[Site "Koestendorf"]
[Date "1998.04.08"]
[Round "5.8"]
[White "Heissenberger, Andreas"]
[Black "Pojer, Hannes"]
[Result "1/2-1/2"]
[WhiteElo "1644"]
[BlackElo "1710"]
[PlyCount "45"]
[EventDate "1998.04.04"]
[Source "A. Burger"]
[SourceDate "1998.04.10"]

1. e4 c5 2. d4 cxd4 3. c3 d6 4. cxd4 Nf6 5. Nc3 Nbd7 6. Bb5 a6 7. Bd3 e5 8. Be3
Qb6 9. Qb3 Qxb3 10. axb3 exd4 11. Bxd4 Ne5 12. Bc2 Bd7 13. Nge2 Be7 14. O-O O-O
15. Nd5 Nxd5 16. exd5 Bb5 17. Rfe1 Bf6 18. Rad1 Rfe8 19. Be4 Ng4 20. f3 Bxe2
21. Rxe2 Bxd4+ 22. Rxd4 Nf6 23. Rc2 1/2-1/2

[Event "AUT -U18B"]
[Site "Koestendorf"]
[Date "1998.04.09"]
[Round "6.1"]
[White "Sandhu, Mario"]
[Black "Pilaj, Herwig"]
[Result "1/2-1/2"]
[WhiteElo "2155"]
[BlackElo "2196"]
[PlyCount "83"]
[EventDate "1998.04.04"]
[Source "A. Burger"]
[SourceDate "1998.04.10"]

1. b3 d5 2. Bb2 Nf6 3. e3 Nbd7 4. f4 c5 5. Nf3 e6 6. Be2 Qc7 7. O-O Bd6 8. Nh4
b6 9. a4 Bb7 10. a5 bxa5 11. Bc3 h6 12. Bxa5 Qb8 13. g3 g5 14. Ng2 gxf4 15.
Nxf4 h5 16. Nxh5 Ke7 17. d4 {} 17... Rxh5 18. Bxh5 Bxg3 19. Qf3 Bxh2+ 20. Kh1
Bd6 21. Be1 Qh8 22. Bh4 cxd4 23. exd4 Ke8 24. Bxf6 Nxf6 25. Qxf6 Qxh5+ 26. Kg2
Qg4+ 27. Kf2 Rc8 28. Ra2 Ba6 29. c4 Qg3+ 30. Ke2 Qg2+ 31. Qf2 Qe4+ 32. Qe3 Qg2+
33. Rf2 Qg4+ 34. Qf3 Qxf3+ 35. Kxf3 Rc6 36. c5 Bb8 37. Nc3 Ke7 38. b4 Bc4 39.
Ra5 a6 40. Nd1 Rc8 41. Ne3 Bb5 42. Rg2 1/2-1/2

[Event "AUT -U18B"]
[Site "Koestendorf"]
[Date "1998.04.09"]
[Round "6.2"]
[White "Enoeckl, Philipp"]
[Black "Becker, Christoph"]
[Result "1-0"]
[WhiteElo "1985"]
[BlackElo "1950"]
[PlyCount "69"]
[EventDate "1998.04.04"]
[Source "A. Burger"]
[SourceDate "1998.04.10"]

1. d4 g6 2. c4 Nf6 3. Nc3 Bg7 4. e4 d6 5. Be2 O-O 6. Bg5 Nbd7 7. Nf3 c6 8. O-O
e5 9. Qd2 Re8 10. Rad1 Qa5 11. d5 cxd5 12. Nxd5 Qxd2 13. Nxd2 Nxd5 14. cxd5 f5
15. exf5 15... gxf5 {} 16. Nc4 Nf6 17. Nxd6 Rd8 18. Nb5 a6 19. Nc7 Rb8 20. Bc4
b5 21. Bb3 Rb6 22. Ne6 Rdd6 23. Be3 Rb8 24. Bc5 Rd7 25. Bb4 Kh8 26. Ba5 Bb7 27.
Nc5 Rg8 28. Nxd7 Nxd7 29. d6 Rf8 30. Rc1 Nf6 31. Rc7 Bc8 32. Rfc1 Bd7 33. Ra7
h5 34. Rcc7 Rf7 35. Bxf7 1-0

[Event "AUT -U18B"]
[Site "Koestendorf"]
[Date "1998.04.09"]
[Round "6.3"]
[White "Zumtobel, Thomas"]
[Black "Fuchs, Georg"]
[Result "0-1"]
[WhiteElo "2086"]
[BlackElo "2130"]
[PlyCount "68"]
[EventDate "1998.04.04"]
[Source "A. Burger"]
[SourceDate "1998.04.10"]

1. e4 e5 2. Nf3 Nc6 3. Bb5 Nf6 4. O-O d6 5. Re1 Be7 6. c3 O-O 7. h3 a6 8. Bxc6
bxc6 9. d4 exd4 10. cxd4 d5 11. e5 Ne4 12. Nc3 Nxc3 13. bxc3 c5 14. Qc2 c4 15.
Rb1 Be6 16. Qa4 Qe8 17. Qa5 Qc6 18. Ba3 Bxa3 19. Qxa3 Bf5 20. Rb2 Rfb8 21. Ree2
Rb5 22. Rb4 Qb7 23. Reb2 c6 24. Rxb5 axb5 25. Qd6 Qd7 26. Qc5 h6 27. Nd2 Ra4
28. a3 Ra6 29. Kh2 Qa7 30. Ra2 {} 30... Qxc5 31. dxc5 d4 32. cxd4 c3 33. Nf3
b4 34. d5 b3 0-1

[Event "AUT -U18B"]
[Site "Koestendorf"]
[Date "1998.04.09"]
[Round "6.4"]
[White "Aschenbrenner, Robert"]
[Black "Steiner, Stefan"]
[Result "1-0"]
[WhiteElo "2100"]
[BlackElo "1899"]
[PlyCount "49"]
[EventDate "1998.04.04"]
[Source "A. Burger"]
[SourceDate "1998.04.10"]

1. Nf3 d5 2. b3 c5 3. Bb2 Nf6 4. e3 Nc6 5. Bb5 Bd7 6. O-O e6 7. Bxc6 Bxc6 8.
Ne5 Bd6 9. Nxc6 bxc6 10. f4 h5 11. d3 Qc7 12. Nd2 d4 13. Nc4 Ng4 14. Qf3 {}
14... g5 15. exd4 cxd4 16. Bxd4 O-O-O 17. Nxd6+ Qxd6 18. Bxh8 Rxh8 19. Rad1
Qd4+ 20. Kh1 Ne3 21. Qxc6+ Kb8 22. fxg5 Nxd1 23. Rxd1 Rg8 24. Qb5+ Ka8 25. h3
1-0

[Event "AUT -U18B"]
[Site "Koestendorf"]
[Date "1998.04.09"]
[Round "6.5"]
[White "Sandhoefner, Florian"]
[Black "Hillgarter, Christoph"]
[Result "1/2-1/2"]
[WhiteElo "1991"]
[BlackElo "1972"]
[PlyCount "48"]
[EventDate "1998.04.04"]
[Source "A. Burger"]
[SourceDate "1998.04.10"]

1. e4 e5 2. Nf3 Nc6 3. Bb5 g6 4. c3 Bg7 5. O-O Nge7 6. d4 a6 7. Ba4 O-O 8. dxe5
Nxe5 9. Nxe5 Bxe5 10. Bh6 Bg7 11. Bxg7 Kxg7 12. Nd2 d5 13. exd5 Nxd5 14. Ne4
Nf6 15. Nxf6 Qxf6 16. Qe2 b5 17. Bb3 Bb7 18. f3 c5 19. Rfe1 Rfe8 20. Qf2 c4 21.
Bc2 Rxe1+ 22. Rxe1 Rd8 23. Qe3 Rd7 24. Kf1 Qd8 1/2-1/2

[Event "AUT -U18B"]
[Site "Koestendorf"]
[Date "1998.04.09"]
[Round "6.6"]
[White "Spirk, Stefan"]
[Black "Heissenberger, Andreas"]
[Result "1/2-1/2"]
[WhiteElo "1957"]
[BlackElo "1644"]
[PlyCount "86"]
[EventDate "1998.04.04"]
[Source "A. Burger"]
[SourceDate "1998.04.10"]

1. c4 Nf6 2. Nf3 c6 3. g3 g6 4. b3 Bg7 5. Bb2 O-O 6. Bg2 d5 7. O-O Re8 8. d3
Nh5 9. Bxg7 Kxg7 10. Nc3 e5 11. Nd2 Be6 12. Qc2 Na6 13. Rfc1 f5 14. a3 Qd7 15.
b4 Rac8 16. Qb2 d4 17. Na2 b6 18. a4 c5 19. b5 Nb8 20. Rc2 Qd6 21. a5 Rc7 22.
axb6 axb6 23. Nc1 Bc8 24. Ra8 Bb7 25. Bxb7 Rxb7 26. Qa1 Qe7 27. Rca2 Nd7 28.
Rxe8 Qxe8 29. Ra7 Rxa7 30. Qxa7 Nhf6 31. f3 Qb8 32. Qxb8 Nxb8 33. Kf2 h6 34. e3
Nh7 35. exd4 exd4 36. f4 Nd7 37. h3 Kf6 38. g4 Nhf8 39. Kg3 Ne6 40. Ne2 Ndf8
41. Nf3 Nd7 42. Nh4 Ng7 43. Nf3 Ne6 1/2-1/2

[Event "AUT -U18B"]
[Site "Koestendorf"]
[Date "1998.04.09"]
[Round "6.7"]
[White "Pojer, Hannes"]
[Black "Sekyra, Michael"]
[Result "1-0"]
[WhiteElo "1710"]
[BlackElo "1788"]
[PlyCount "41"]
[EventDate "1998.04.04"]
[Source "A. Burger"]
[SourceDate "1998.04.10"]

1. d4 e6 2. c4 Nf6 3. Nc3 Bb4 4. Bg5 h6 5. Bh4 c5 6. Bxf6 Qxf6 7. e3 Nc6 8.
Nge2 Bxc3+ 9. bxc3 d6 10. Ng3 e5 11. dxe5 dxe5 12. Ne4 Qe7 13. Qd5 O-O 14. Qxc5
Qxc5 15. Nxc5 b6 16. Na4 Bd7 17. O-O-O Rfd8 18. Be2 e4 19. Rd2 Na5 20. Rhd1 {}
20... Nb7 21. Rxd7 1-0

[Event "AUT -U18B"]
[Site "Koestendorf"]
[Date "1998.04.09"]
[Round "6.8"]
[White "Brehovsky, Paul"]
[Black "Riedl, Johannes"]
[Result "0-1"]
[WhiteElo "1547"]
[BlackElo "1751"]
[PlyCount "70"]
[EventDate "1998.04.04"]
[Source "A. Burger"]
[SourceDate "1998.04.10"]

1. e3 f5 2. a3 Nf6 3. Nf3 e6 4. d4 b6 5. c4 Bb7 6. Nbd2 Be7 7. b4 O-O 8. Bb2 h6
9. h4 Qe8 10. Be2 Ne4 11. O-O d6 12. g3 Qg6 13. Kh2 Nd7 14. Rc1 Ndf6 15. Kg1 {
} 15... Nxg3 16. fxg3 Qxg3+ 17. Kh1 Ng4 18. d5 Nxe3 19. Rg1 Qh3+ 20. Nh2 Nxd1
21. Rxg7+ Kh8 22. Rg3+ Nxb2 23. Rxh3 exd5 24. Bf3 Nd3 25. Rf1 Nf4 26. Rg3 Bxh4
27. Rgg1 Nd3 28. Rg2 Ne1 29. Rg6 Kh7 30. Rfg1 Rg8 31. Rxg8 Rxg8 32. Rxg8 Kxg8
33. Bxd5+ Bxd5+ 34. cxd5 Nc2 35. Nhf3 Bf6 0-1

[Event "AUT -U18B"]
[Site "Koestendorf"]
[Date "1998.04.10"]
[Round "7.2"]
[White "Sandhu, Mario"]
[Black "Enoeckl, Philipp"]
[Result "1-0"]
[WhiteElo "2215"]
[BlackElo "1985"]
[PlyCount "67"]
[EventDate "1998.04.04"]
[Source "A. Burger"]
[SourceDate "1998.04.10"]

1. e4 e6 2. d4 d5 3. Nd2 Nf6 4. e5 Nfd7 5. Bd3 c5 6. c3 Nc6 7. Ngf3 f5 8. exf6
Nxf6 9. O-O cxd4 10. cxd4 Bd6 11. Nb3 O-O 12. Bg5 Qe8 13. Bh4 Qh5 14. Bg3 Bxg3
15. fxg3 Ng4 16. Qd2 e5 17. dxe5 Ncxe5 18. Nbd4 Bd7 19. h3 Nxf3+ 20. Nxf3 Ne5
21. Be2 Bc6 22. Qd4 Nc4 23. Rae1 a6 24. g4 24... Qh6 {} 25. Bxc4 dxc4 26.
Qxc4+ Kh8 27. Ne5 Rxf1+ 28. Qxf1 Bd5 29. Nf7+ Bxf7 30. Qxf7 Qb6+ 31. Kh1 h6 32.
h4 Qxb2 33. g5 Qd4 34. Re8+ 1-0

[Event "AUT -U18B"]
[Site "Koestendorf"]
[Date "1998.04.10"]
[Round "7.4"]
[White "Riedl, Johannes"]
[Black "Becker, Christoph"]
[Result "1-0"]
[WhiteElo "1751"]
[BlackElo "1950"]
[PlyCount "83"]
[EventDate "1998.04.04"]
[Source "A. Burger"]
[SourceDate "1998.04.10"]

1. Nf3 g6 2. g3 Bg7 3. Bg2 Nf6 4. O-O O-O 5. d3 d6 6. Nbd2 e5 7. e4 Nbd7 8. h3
Qe7 9. Nh4 Nc5 10. Nc4 Be6 11. Ne3 Rad8 12. b4 Na6 13. a3 d5 14. exd5 Nxd5 15.
Nxd5 Bxd5 16. Bxd5 Rxd5 17. Bb2 Qd7 18. Qg4 f5 19. Qc4 Bf6 20. Ng2 Kg7 21. Rae1
b5 22. Qa2 Re8 23. Qa1 23... Qf7 {} 24. Nf4 Red8 25. Bxe5 Rxe5 26. Rxe5 Re8
27. d4 Rxe5 28. dxe5 c5 29. Rd1 Be7 30. e6+ Qf6 31. Qxf6+ Kxf6 32. Nd5+ Kxe6
33. Nxe7 Kxe7 34. bxc5 Nxc5 35. Rd5 Ne4 36. Rxb5 Nd6 37. Ra5 Nc8 38. Ra6 Kd7
39. Kf1 Kc7 40. Rf6 Nd6 41. Ke2 Kd7 42. Rf8 1-0

[Event "AUT -U18B"]
[Site "Koestendorf"]
[Date "1998.04.10"]
[Round "7.7"]
[White "Heissenberger, Andreas"]
[Black "Steiner, Stefan"]
[Result "0-1"]
[WhiteElo "1644"]
[BlackElo "1899"]
[PlyCount "128"]
[EventDate "1998.04.04"]
[Source "A. Burger"]
[SourceDate "1998.04.10"]

1. e4 b6 2. d4 Bb7 3. Nc3 e6 4. Bd3 Bb4 5. a3 Bxc3+ 6. bxc3 Nf6 7. f3 h6 8. Ne2
d6 9. c4 Nbd7 10. Bb2 e5 11. c3 Qe7 12. Ng3 g6 13. a4 a5 14. Qd2 h5 15. Nf1 c5
16. Ne3 Ba6 17. O-O h4 18. Nd5 Nxd5 19. cxd5 c4 20. Bc2 g5 21. Ba3 f6 22. Rab1
Kd8 23. Qe3 Rb8 24. dxe5 fxe5 25. Bc1 Rg8 26. Qf2 Nc5 27. Be3 Kc7 28. Rb2 Kb7
29. Rfb1 Ka7 30. Bxc5 bxc5 31. Rxb8 Rxb8 32. Rxb8 Kxb8 33. Bd1 Qb7 34. Qc2 Qf7
35. Qc1 Qf6 36. Qb2+ Kc7 37. g3 Qh6 38. Be2 hxg3 39. hxg3 g4 40. fxg4 Qe3+ 41.
Kg2 Qxe4+ 42. Bf3 Qe3 43. Qc2 Bc8 44. Be2 Bd7 45. Bxc4 Bxg4 46. Qh7+ Kb6 47.
Qb1+ Kc7 48. Qh7+ 48... Bd7 {} 49. Bb5 Qd2+ 50. Kf3 Qxd5+ 51. Ke3 Qe6 52.
Qxd7+ Qxd7 53. Bxd7 Kxd7 54. Ke4 Ke6 55. c4 Kf6 56. Kf3 Kf5 57. Kf2 Ke4 58. Ke2
d5 59. cxd5 Kxd5 60. Ke3 c4 61. g4 e4 62. g5 c3 63. Ke2 Ke5 64. Kd1 e3 0-1

[Event "AUT -U18B"]
[Site "Koestendorf"]
[Date "1998.04.10"]
[Round "7.8"]
[White "Sekyra, Michael"]
[Black "Brehovsky, Paul"]
[Result "1-0"]
[WhiteElo "1788"]
[BlackElo "1547"]
[PlyCount "41"]
[EventDate "1998.04.04"]
[Source "A. Burger"]
[SourceDate "1998.04.10"]

1. e4 e6 2. d4 d5 3. e5 c5 4. c3 Nc6 5. Nf3 Qb6 6. Bd3 Bd7 7. O-O cxd4 8. cxd4
Nxd4 9. Nxd4 Qxd4 10. Nc3 Qxe5 11. Re1 Qc7 12. Nxd5 Qa5 13. Nc3 Nf6 14. Bd2 Bb4
15. a3 Be7 16. Re3 O-O 17. Rg3 g6 18. h4 Kh8 19. Ne4 Qd8 20. Bc3 Bc6 21. Qf3 {
} 1-0